00541 2200193 4500001002100000005001500021035002000036001002100056005001500077035002000092245006400112100002200176250001700198300003300215260005300248082000800301084001400309650002400323INLIS00000000000047320240702112157 a0010-0724000028INLIS00000000000046920240702102747 a0010-07240000241 aFikih 1 :bKelas I Madrasah Ibtidaiyah /cMuh. Rosyid Ridho0 aMuh. Rosyid Ridho acetakan ke-1 axx, 188 hlm :bilus ;c25 cm aSolo :bPT Tiga Serangkai Pustaka Mandiri,c2020 a2X4 a2X4 MUH f 4aBuku Teks Pelajaran